[Event "72nd MNE-ch 2020"]
[Site "Podgorica"]
[Date "2020.09.11"]
[Round "1"]
[White "Blagojevic, Dragisa"]
[Black "Krstonijevic, Stjepan"]
[Result "1-0"]
[WhiteElo "2492"]
[BlackElo "2098"]
[PlyCount "81"]
[EventDate "2020.09.11"]
[EventType "swiss"]
[EventRounds "9"]
[EventCountry "MNE"]
[TimeControl "5400+30"]

1. d4 c5 2. d5 e5 3. e4 d6 4. Be2 Be7 5. Nf3 Bg4 6. Nfd2 Bxe2 7. Qxe2 Bg5 8. O-O Ne7 9. Qb5+ Qd7 10. Nc4 Qxb5 11. Nxd6+ Kd7 12. Nxb5 Bxc1 13. Rxc1 a6 14. N5c3 b5 15. a4 b4 16. Nd1 Nc8 17. Nd2 Nd6 18. Ne3 Ke7 19. c3 Nd7 20. cxb4 cxb4 21. Rc6 g6 22. Nec4 Nxc4 23. Nxc4 Rac8 24. Rc1 Nb8 25. d6+ Ke6 26. Rc7 Nd7 27. Nxe5 Rxc7 28. dxc7 Rc8 29. Nxd7 Kxd7 30. f4 f6 31. Kf2 a5 32. Ke3 Kd6 33. Kd4 h5 34. e5+ fxe5+ 35. fxe5+ Ke6 36. Rc6+ Kd7 37. Kd5 g5 38. Rd6+ Kxc7 39. Rc6+ Kb7 40. Rxc8 Kxc8 41. Ke6 1-0

[Event "72nd MNE-ch 2020"]
[Site "Podgorica"]
[Date "2020.09.11"]
[Round "1"]
[White "Kalezic, Blazo"]
[Black "Vuckovic, Marko"]
[Result "1-0"]
[WhiteElo "2448"]
[BlackElo "2059"]
[PlyCount "74"]
[EventDate "2020.09.11"]
[EventType "swiss"]
[EventRounds "9"]
[EventCountry "MNE"]
[TimeControl "5400+30"]

1. e4 c5 2. Nf3 e6 3. c3 Nf6 4. e5 Nd5 5. d4 cxd4 6. cxd4 d6 7. Nc3 Nc6 8. exd6 Bxd6 9. Bd3 Nf4 10. Bxf4 Bxf4 11. Qe2 Ne7 12. O-O Bh6 13. Bb5+ Bd7 14. Bxd7+ Qxd7 15. Ne5 Qc8 16. Qb5+ Nc6 17. d5 a6 18. Qa4 b5 19. Nxb5 axb5 20. Qxb5 Ra5 21. Qxc6+ Qxc6 22. Nxc6 Rxd5 23. Rfd1 Kd7 24. Ne5+ Ke7 25. Rxd5 exd5 26. Re1 Ra8 27. a3 f6 28. Nc4+ Kf7 29. Nd6+ Kg6 30. Rd1 Rd8 31. Nb5 Bf4 32. g3 Be5 33. b4 f5 34. a4 d4 35. a5 Kf7 36. Na7 Rd5 37. Nc6 Ke8 1-0

[Event "72nd MNE-ch 2020"]
[Site "Podgorica"]
[Date "2020.09.11"]
[Round "1"]
[White "Tomic, Aleksandar"]
[Black "Djurovic, Peko"]
[Result "1-0"]
[WhiteElo "2373"]
[BlackElo "2003"]
[Annotator "TA"]
[PlyCount "81"]
[EventDate "2020.09.11"]
[EventType "swiss"]
[EventRounds "9"]
[EventCountry "MNE"]

{[%evp 21,81,26,19,9,17,6,4,-35,-30,-29,0,-42,-46,-35,-41,-80,0,0,114,127,129,124,132,132,132,132,130,137,139,138,145,138,141,130,137,137,157,139,162,143,184,183,254,249,252,239,233,247,291,285,289,264,271,266,264,265,232,238,29997,29998,29998,29999]} 1. Nf3 d5 2. c4 e6 3. g3 Nf6 4. Bg2 Nbd7 5. b3 Be7 6. Bb2 O-O 7. O-O b6 8. e3 Bb7 9. Qe2 Rc8 10. d3 c5 11. Nc3 Qc7 12. Rac1 {A14: English Opening: 1...e6 with b3 by White.} Rfd8 13. Rfd1 Qb8 14. Ne1 {[#] The position is equal.} d4 $146 ({Predecessor:} 14... Qa8 15. f4 d4 16. exd4 Bxg2 17. Qxg2 Qxg2+ 18. Kxg2 cxd4 19. Ne2 e5 20. fxe5 Nxe5 21. Bxd4 {1-0 (62) Froewis,G (2457)-Schloffer,J (2110) Playchess.com INT 2020}) 15. exd4 cxd4 16. Nb5 {[%cal Bc3b5,Bb5d4,Bd4f5][%mdl 32]} (16. Nd5 $5 {[%cal Rd5e7]} Bc5 17. Nxf6+ Nxf6 18. Bxb7 Qxb7 19. Nf3 $11) 16... Bxg2 17. Kxg2 e5 $1 18. Nf3 a6 {[#]} (18... Re8 $17) 19. Nbxd4 $1 $11 {[%mdl 576] Pin} Re8 (19... exd4 $11 20. Qxe7 Rc5) 20. Nf5 $16 {Black is now going downhill.} Bc5 21. Ng5 Qb7+ 22. Qf3 Qxf3+ 23. Kxf3 Nb8 24. Ne4 {Threatens to win with Ned6.} Nxe4 25. dxe4 ({Don't take} 25. Kxe4 $6 Nc6 $14) 25... Re6 26. Rd5 Nc6 27. Rcd1 g6 28. Ne3 Bd4 29. Ba3 ({Don't play} 29. R1xd4 $6 Nxd4+ 30. Bxd4 exd4 $14) 29... Kg7 30. Ke2 Rc7 31. Nc2 f5 (31... f6 $142 32. Nxd4 Nxd4+ 33. Kd3 Re8) 32. exf5 $18 ({Weaker is} 32. Nxd4 exd4 33. Bb2 Rxe4+ 34. Kf3 Kf7 $16) 32... gxf5 33. Nxd4 Nxd4+ 34. Kf1 {Strongly threatening Bd6.} Kg6 35. Bd6 Rc6 36. Bxe5 Nf3 37. Bc3 Nxh2+ 38. Kg2 Ng4 39. Rd7 {[#] Intending Rg7+ and mate.} Re2 $2 (39... Nf6 $18) 40. Rg7+ Kh6 41. Rh1+ {Accuracy: White = 86%, Black = 64%.} 1-0

[Event "72nd MNE-ch 2020"]
[Site "Podgorica"]
[Date "2020.09.11"]
[Round "1"]
[White "Podlesnik, Bogdan"]
[Black "Petrusic, Goran"]
[Result "1-0"]
[WhiteElo "2354"]
[BlackElo "1935"]
[Annotator "TA"]
[PlyCount "131"]
[EventDate "2020.09.11"]
[EventType "swiss"]
[EventRounds "9"]
[EventCountry "MNE"]

{[%evp 20,131,47,29,60,70,97,79,115,109,129,144,152,86,141,99,99,75,178,16,37,0,87,85,75,79,89,0,0,0,8,0,5,6,7,10,19,0,16,17,39,4,9,0,0,0,19,4,10,0,1,0,0,0,127,127,131,127,137,141,214,218,216,152,154,150,145,84,93,91,87,80,72,29,314,406,319,296,1290,1220,1211,1020,533,718,1006,872,12823,5293,12842,12843,12843,12843,12844,12845,12845,12846,12846,12847,12847,12847,12851,27999,12851,12851,12851,27999,12851,27999,12851,27999,12851,27999,12851,27999]} 1. e4 c5 2. Nc3 d6 3. f4 Nc6 4. Nf3 g6 5. d4 cxd4 6. Nxd4 Bg7 7. Be3 Bd7 8. Be2 Nf6 9. O-O O-O 10. Nb3 a6 11. a4 a5 {B74: Sicilian Dragon: Classical System with 9 Nb3.} 12. Bf3 {[#]} Qb8 $146 ({Predecessor:} 12... Be6 13. Nd5 Nd7 14. c3 Rb8 15. Qe2 b6 16. Rfd1 g5 17. fxg5 Nce5 {1-0 (26) Ermenkov,E (2463)-Raeva,E (2258) Sofia 2008}) 13. Rf2 h5 {White is better.} 14. h3 Be6 15. Nd5 Nd7 16. c4 (16. c3 $142) 16... Re8 (16... Qd8 $142) 17. g4 hxg4 18. hxg4 Bxd5 (18... g5 $16) 19. Qxd5 $2 ({But not} 19. exd5 $6 Nb4 $14) ({White should play} 19. cxd5 $18 Nb4 20. g5) 19... Nb4 20. Qd2 (20. Qb5 $5 {[%cal Rb5d7]}) 20... b6 (20... Qc7 $11) 21. e5 $16 Ra7 22. e6 fxe6 23. Be4 (23. Raf1 $16) 23... Nf8 $11 24. Raf1 d5 25. cxd5 exd5 26. Bxd5+ Nxd5 27. Qxd5+ e6 28. Qb5 Rb7 29. Nd4 {Nc6 is the strong threat.} Rc8 30. Nf3 Qd6 31. Qg5 Qd8 32. Qb5 Qd6 33. Rd2 $36 {[%mdl 2048] White fights for an advantage.} Qc6 34. Nd4 Qc4 35. b3 Qc3 36. Rd3 Qb4 (36... Qb2 $11 {keeps the balance.}) 37. Qxb4 $16 axb4 {[#]} 38. Nb5 $1 Rc2 39. Rf2 Rxf2 (39... Rc6 $16 {keeps fighting.} 40. Kg2 Rf7) 40. Kxf2 $18 e5 41. fxe5 Bxe5 42. Bd2 Rf7+ 43. Kg2 ({White should try} 43. Ke2) 43... Ne6 44. Re3 Nf4+ 45. Kg1 Bg7 46. Nd6 Bd4 $2 {[%mdl 8192] Loses the game.} (46... Rf8 $11) 47. Nxf7 Kxf7 48. Kf2 Bxe3+ $2 (48... Nd3+ 49. Kf3 Bxe3 50. Bxe3 (50. Kxe3 Ne5 $16) 50... Ne5+ 51. Ke4 Nxg4 52. Bxb6 Ke6) 49. Kxe3 {[%mdl 4096] Endgame KB-KN} Nd5+ 50. Kd4 Ke6 51. Kc4 Ke5 52. Bxb4 Ne3+ 53. Kb5 Nxg4 54. Kxb6 Ne3 55. Kc6 Nd5 56. Bd6+ Ke6 57. a5 Nc3 58. a6 Ne4 59. a7 Nxd6 60. a8=Q Nf5 61. b4 {[%cal Bb3b4,Bb4b5,Bb5b6][%mdl 32]} g5 62. Qa2+ Kf6 63. Qb2+ Kg6 64. Qe5 {[#] Threatening mate with Qe6+.} g4 65. b5 {White wants to mate with b6.} Kg5 66. b6 {Accuracy: White = 73%, Black = 54%.} 1-0

[Event "72nd MNE-ch 2020"]
[Site "Podgorica"]
[Date "2020.09.11"]
[Round "1"]
[White "Milovic, Jovan"]
[Black "Skenderovic, Ismet"]
[Result "1/2-1/2"]
[WhiteElo "2276"]
[BlackElo "1913"]
[PlyCount "114"]
[EventDate "2020.09.11"]
[EventType "swiss"]
[EventRounds "9"]
[EventCountry "MNE"]
[TimeControl "5400+30"]

1. d4 Nf6 2. Bg5 e6 3. e4 h6 4. Bxf6 Qxf6 5. e5 Qd8 6. Bd3 c5 7. dxc5 Bxc5 8. Qe2 Nc6 9. Nf3 b6 10. c3 Bb7 11. Nbd2 Qc7 12. a4 d5 13. O-O Rd8 14. Nb3 O-O 15. Nbd4 Bxd4 16. cxd4 Qe7 17. Rfc1 Qb4 18. Qe3 Rc8 19. g4 f6 20. Bb5 f5 21. Bxc6 Rxc6 22. g5 Kh7 23. Rxc6 Bxc6 24. Qa3 Qxa3 25. Rxa3 Rc8 26. Rc3 Bd7 27. Rxc8 Bxc8 28. Kg2 Kg6 29. gxh6 Kxh6 30. Kg3 Bd7 31. b3 g5 32. h4 gxh4+ 33. Kxh4 a5 34. Ng5 Kg6 35. f3 Bc8 36. Nh3 Ba6 37. Nf4+ Kf7 38. Kg3 b5 39. axb5 Bxb5 40. Kf2 a4 41. bxa4 Bxa4 42. Nd3 Bc2 43. Nc5 f4 44. Ke2 Bf5 45. Kd2 Kg6 46. Nb3 Kg5 47. Nc1 Kh4 48. Ne2 Kg5 49. Kc3 Bh3 50. Kd2 Bf1 51. Nc3 Kh4 52. Ke1 Bh3 53. Ne2 Bg2 54. Kd2 Kg5 55. Ng1 Kh4 56. Ne2 Bxf3 57. Nxf4 Bg4 1/2-1/2

[Event "72nd MNE-ch 2020"]
[Site "Podgorica"]
[Date "2020.09.11"]
[Round "1"]
[White "Musovic, Armin"]
[Black "Koljevic, Nikolina"]
[Result "1-0"]
[WhiteElo "2207"]
[BlackElo "1870"]
[PlyCount "75"]
[EventDate "2020.09.11"]
[EventType "swiss"]
[EventRounds "9"]
[EventCountry "MNE"]
[TimeControl "5400+30"]

1. e4 c5 2. c3 d5 3. exd5 Qxd5 4. Na3 Nf6 5. h3 Bf5 6. Nc4 Bg6 7. Nf3 Nc6 8. Qa4 Nd7 9. Ne3 Qe4 10. Qb3 Nb6 11. Bb5 Rc8 12. O-O Bh5 13. d3 Qf4 14. Nd5 Qd6 15. Nxb6 axb6 16. Ng5 h6 17. Ne4 Qd7 18. Bc4 Qc7 19. Re1 e6 20. Ng3 Bg6 21. Bxe6 fxe6 22. Qxe6+ Ne7 23. Qxg6+ Kd8 24. Qf7 Qd7 25. d4 c4 26. Bf4 Rc6 27. Be5 Ng6 28. Qxd7+ Kxd7 29. Nf5 Nxe5 30. dxe5 g6 31. Rad1+ Ke8 32. Nd6+ Bxd6 33. exd6+ Kd7 34. Re7+ Kd8 35. Rxb7 Kc8 36. Rg7 g5 37. Rd4 Rd8 38. Rg6 1-0

[Event "72nd MNE-ch 2020"]
[Site "Podgorica"]
[Date "2020.09.11"]
[Round "1"]
[White "Bujisic, Vlastimir"]
[Black "Bacic, Kristina"]
[Result "1-0"]
[WhiteElo "2191"]
[BlackElo "1856"]
[PlyCount "63"]
[EventDate "2020.09.11"]
[EventType "swiss"]
[EventRounds "9"]
[EventCountry "MNE"]
[TimeControl "5400+30"]

1. e4 c6 2. d4 d5 3. Nd2 dxe4 4. Nxe4 Nf6 5. Nxf6+ gxf6 6. Nf3 Bg4 7. Be2 e6 8. h3 Bh5 9. Be3 Qc7 10. Qd2 Nd7 11. O-O-O O-O-O 12. Qc3 Nb6 13. Qa5 Rd5 14. Qc3 a5 15. a3 Bxf3 16. gxf3 f5 17. Qd3 c5 18. Qb3 c4 19. Qa2 c3 20. Kb1 Na4 21. Bc1 b5 22. Qb3 cxb2 23. Bxb2 Nxb2 24. Qxb2 b4 25. Rd3 bxa3 26. Qb3 Bb4 27. c3 Rb5 28. Ka2 Qc6 29. cxb4 Kd7 30. Rc3 a4 31. Qc4 Rb6 32. Qxc6+ 1-0

[Event "72nd MNE-ch 2020"]
[Site "Podgorica"]
[Date "2020.09.11"]
[Round "1"]
[White "Miletic, Vuk"]
[Black "Sabotic, Denis"]
[Result "1-0"]
[WhiteElo "2159"]
[BlackElo "1708"]
[PlyCount "35"]
[EventDate "2020.09.11"]
[EventType "swiss"]
[EventRounds "9"]
[EventCountry "MNE"]
[TimeControl "5400+30"]

1. d4 Nf6 2. c4 g6 3. Nc3 Bg7 4. e4 d6 5. Nge2 O-O 6. Ng3 e5 7. d5 c6 8. Be2 h5 9. Bg5 Bg4 10. Bxg4 hxg4 11. Bxf6 Bxf6 12. Qxg4 Bg7 13. h4 Nd7 14. h5 Nf6 15. Qe2 a6 16. Qd2 cxd5 17. h6 Bh8 18. h7+ 1-0

[Event "72nd MNE-ch 2020"]
[Site "Podgorica"]
[Date "2020.09.11"]
[Round "1"]
[White "Lazarevic, Zoran V"]
[Black "Milovic, Aleksandra"]
[Result "1/2-1/2"]
[WhiteElo "2132"]
[BlackElo "2198"]
[PlyCount "78"]
[EventDate "2020.09.11"]
[EventType "swiss"]
[EventRounds "9"]
[EventCountry "MNE"]
[TimeControl "5400+30"]

1. c4 Nf6 2. Nc3 Nc6 3. g3 d5 4. cxd5 Nxd5 5. Bg2 Nxc3 6. bxc3 e5 7. d3 Bd6 8. Nf3 O-O 9. O-O Kh8 10. Qc2 f5 11. Ng5 h6 12. Nf3 Be6 13. Qa4 Ne7 14. Rb1 Bd5 15. Qh4 f4 16. c4 Bc6 17. Bb2 Ng6 18. Qxd8 Raxd8 19. Nd2 Bxg2 20. Kxg2 b6 21. h4 Ne7 22. g4 h5 23. f3 Ng6 24. Rh1 hxg4 25. fxg4 f3+ 26. Nxf3 Nf4+ 27. Kf1 Nxd3 28. exd3 Rxf3+ 29. Ke2 e4 30. dxe4 Rf4 31. Ke3 Rxg4 32. h5 Rg3+ 33. Ke2 Bc5 34. h6 Re3+ 35. Kf1 Rf8+ 36. Kg2 Re2+ 37. Kh3 Re3+ 38. Kg2 Re2+ 39. Kh3 Re3+ 1/2-1/2

[Event "72nd MNE-ch 2020"]
[Site "Podgorica"]
[Date "2020.09.11"]
[Round "1"]
[White "Karisik, Nenad"]
[Black "Popovic, Mateja"]
[Result "1-0"]
[WhiteElo "2106"]
[BlackElo "1550"]
[PlyCount "51"]
[EventDate "2020.09.11"]
[EventType "swiss"]
[EventRounds "9"]
[EventCountry "MNE"]
[TimeControl "5400+30"]

1. e4 e5 2. Nf3 Nf6 3. Nxe5 d6 4. Nf3 Nxe4 5. d4 d5 6. Bd3 Be7 7. O-O O-O 8. Re1 Nf6 9. h3 Be6 10. Bf4 Nbd7 11. Ng5 c5 12. Nxe6 fxe6 13. Rxe6 cxd4 14. Nd2 Nc5 15. Re2 Nxd3 16. cxd3 Bd6 17. Bxd6 Qxd6 18. Nf3 Nh5 19. Nxd4 Nf4 20. Re3 Qg6 21. Qg4 Qf6 22. Ne6 Qxb2 23. Rae1 Nxe6 24. Qxe6+ Rf7 25. Rf3 Raf8 26. Qxf7+ 1-0

[Event "72nd MNE-ch 2020"]
[Site "Podgorica"]
[Date "2020.09.11"]
[Round "1"]
[White "Alivodic, Dario"]
[Black "Djukic, Nikola"]
[Result "0-1"]
[WhiteElo "2103"]
[BlackElo "2525"]
[Annotator "TA"]
[PlyCount "92"]
[EventDate "2020.09.11"]
[EventType "swiss"]
[EventRounds "9"]
[EventCountry "MNE"]

{[%evp 13,92,37,39,34,41,50,61,46,60,66,65,64,75,29,38,41,50,33,31,40,68,28,28,24,47,-53,0,-14,-3,-12,0,0,0,-425,-425,-425,-423,-416,-373,-581,-567,-616,-677,-668,-626,-683,-683,-683,-683,-693,-693,-693,-591,-591,-577,-577,-577,-577,-552,-1282,-1188,-1160,-769,-1062,-980,-2956,-2637,-2340,-2090,-2072,-1876,-29964,-29966,-7232,-6099,-29979,-29980,-29990,-29991,-29991,-29992]} 1. d4 g6 2. c4 Bg7 3. Nc3 d6 4. e4 Nd7 5. Be3 Ngf6 6. f3 a6 7. Nh3 O-O 8. Nf2 {E81: King's Indian: Sämisch: 6th move deviations (including 6 Be3 c6).} c6 9. Qd2 e5 10. d5 {White is slightly better.} cxd5 11. cxd5 Nh5 12. g4 $1 {[%cal Rg4h5]} Nf4 13. Nd3 {[#]} ({Of course not} 13. Bxf4 $6 exf4 14. Qxf4 Ne5 $15) 13... Bh6 $146 ({Predecessor:} 13... Re8 14. O-O-O b5 15. Kb1 Bb7 16. h4 Nb6 17. Nxf4 exf4 18. Bd4 Bxd4 19. Qxd4 Nd7 {1-0 (39) Aydogdu,S (1557)-Gokcek,K (1916) Antalya 2018}) 14. h4 {[%cal Rd3f4]} Nxd3+ 15. Bxd3 Bxe3 16. Qxe3 Qb6 17. Qd2 Nc5 18. O-O-O f6 19. g5 (19. Bc2 $14) 19... f5 (19... Nxd3+ $15 20. Qxd3 f5) 20. h5 {hxg6 is the strong threat.} fxe4 21. Bc2 {Hoping for hxg6.} Rxf3 {White must now prevent ...e3.} 22. hxg6 Bf5 23. Rxh7 $2 {[%mdl 8192] [#] Black keeps a firm grip on the game.} (23. gxh7+ $11 {and White has nothing to worry.} Kh8 24. Rhf1 Nd3+ 25. Bxd3 Rxd3 26. Qe2 Rxd1+ 27. Kxd1) 23... Rf2 $1 $19 {[%mdl 576] Decoy} 24. Qxf2 Nd3+ {[%mdl 64] Discovered Attack} 25. Bxd3 Qxf2 26. Be2 (26. Bc2 $142 Rf8 27. Rdh1) 26... Bxg6 27. Rh6 Kg7 28. Rf1 Qg2 29. Kd1 Rh8 30. Rxh8 Kxh8 31. Rf6 Qxg5 32. Rxd6 e3 {( -> ...Qg1+)} 33. Rxg6 Qxg6 34. Kc1 Qg1+ 35. Kc2 Qe1 36. b4 Qd2+ 37. Kb3 Kg7 38. a4 Kg6 39. a5 {[#]} e4 $1 40. Bg4 (40. Nxe4 Qxe2) 40... Qd4 41. Be2 Kf5 42. b5 axb5 43. Bxb5 Ke5 44. a6 bxa6 {Black mates.} 45. Bxa6 Qb6+ {[%mdl 64] Double Attack} 46. Bb5 {[#]} e2 $1 {Accuracy: White = 46%, Black = 91%.} 0-1

[Event "72nd MNE-ch 2020"]
[Site "Podgorica"]
[Date "2020.09.11"]
[Round "1"]
[White "Vujovic, Savo"]
[Black "Draskovic, Luka"]
[Result "0-1"]
[WhiteElo "2082"]
[BlackElo "2472"]
[Annotator "RC"]
[PlyCount "70"]
[EventDate "2020.09.11"]
[EventType "swiss"]
[EventRounds "9"]
[EventCountry "MNE"]
[TimeControl "5400+30"]

1. e4 d6 2. d4 Nf6 3. Nc3 g6 4. Be3 c6 5. f3 Nbd7 6. Qd2 b5 7. h4 h5 8. O-O-O Qa5 9. Kb1 b4 10. Nce2 Bg7 11. Nh3 Nb6 12. Nc1 Ba6 13. Nb3 Qa4 14. Bg5 Bxf1 15. Rhxf1 Qb5 16. Qd3 Qxd3 17. cxd3 a5 18. Rc1 Kd7 19. Be3 Nh7 20. f4 a4 21. Nd2 f5 22. Nc4 Rhb8 23. Nxb6+ Rxb6 24. d5 c5 25. e5 Rb5 26. e6+ Ke8 27. Rfd1 Nf6 28. d4 Nxd5 29. Bf2 a3 30. b3 Nc3+ 31. Rxc3 bxc3 32. Kc2 c4 33. bxc4 Rb2+ 34. Kxc3 Rxa2 35. Kb3 Rb2+ 0-1

[Event "72nd MNE-ch 2020"]
[Site "Podgorica"]
[Date "2020.09.11"]
[Round "1"]
[White "Pobor, Danilo"]
[Black "Nikcevic, Nebojsa"]
[Result "1-0"]
[WhiteElo "2059"]
[BlackElo "2413"]
[PlyCount "81"]
[EventDate "2020.09.11"]
[EventType "swiss"]
[EventRounds "9"]
[EventCountry "MNE"]
[TimeControl "5400+30"]

1. d4 Nf6 2. Nf3 g6 3. c4 Bg7 4. Nc3 O-O 5. e4 d6 6. Be2 c5 7. d5 e6 8. h3 exd5 9. exd5 Bf5 10. O-O Na6 11. a3 Nc7 12. Bd3 Qd7 13. Bf4 Rad8 14. Re1 b5 15. Qd2 bxc4 16. Bxc4 Rfe8 17. Bh6 Bxh3 18. Bxg7 Kxg7 19. gxh3 Qxh3 20. Qd3 Nh5 21. Nh2 Qh4 22. Ne2 Re4 23. Qc3+ Kg8 24. b3 Rde8 25. Ng3 Nxg3 26. fxg3 Qg5 27. Rxe4 Rxe4 28. Nf1 Rd4 29. Qf3 Nxd5 30. Rd1 Rxd1 31. Qxd1 Nb6 32. Qxd6 Nxc4 33. bxc4 Kg7 34. a4 a5 35. Qc7 h5 36. Qxa5 h4 37. Qc3+ Kh7 38. a5 hxg3 39. Qxg3 Qf6 40. Qh2+ Kg7 41. Qa2 1-0

[Event "72nd MNE-ch 2020"]
[Site "Podgorica"]
[Date "2020.09.11"]
[Round "1"]
[White "Kandic, Milojko"]
[Black "Pecurica, Milos"]
[Result "0-1"]
[WhiteElo "1961"]
[BlackElo "2359"]
[Annotator "TA"]
[PlyCount "88"]
[EventDate "2020.09.11"]
[EventType "swiss"]
[EventRounds "9"]
[EventCountry "MNE"]

{[%evp 9,88,16,14,12,19,19,24,20,24,25,33,18,15,8,13,-31,-22,-183,-166,-241,-241,-224,-229,-220,-224,-245,-129,-102,-127,-294,-298,-280,-284,-348,-348,-312,-154,-270,-281,-617,-234,-252,-252,-260,-271,-282,-252,-251,-205,-185,-191,-177,-162,-188,-94,-181,-157,-133,-135,-219,-208,-454,-444,-927,-928,-913,-900,-1291,-1241,-1241,-1098,-1225,-1177,-1068,-1047,-1348,-1221,-2534,-1967,-2046,-1880]} 1. c4 e5 2. Nc3 Nc6 3. g3 Bc5 4. Bg2 a6 5. d3 d6 6. e3 {A25: English Opening vs King's Indian with ...Nc6 but without early d3.} Ba7 7. Nge2 h5 8. h4 {White has an edge.} Nf6 {[#]} 9. b3 $146 ({Predecessor:} 9. O-O Bg4 10. b4 Qd7 11. a3 Bh3 12. Kh2 Ng4+ 13. Kh1 Bxg2+ 14. Kxg2 O-O 15. d4 {½-½ (31) Bartsch,R (2273)-Kostanjsek,Z (2339) ICCF email 2018}) 9... Ng4 10. Nd5 Ne7 11. Nxe7 Qxe7 12. Nc3 c6 13. O-O $2 (13. Ba3 $11 {and White stays safe.}) 13... f5 $19 14. Qe2 (14. d4 $142 f4 15. c5 fxg3 16. fxg3) 14... g5 15. f3 gxh4 16. fxg4 hxg4 17. Kf2 hxg3+ (17... h3 $19 18. Bh1 f4) 18. Ke1 $17 Rh2 19. Bd2 $2 {[#]} (19. Kd1 $17) 19... f4 $1 $19 {[%cal Rf4f3][%mdl 512]} 20. exf4 exf4 21. Qxe7+ Kxe7 22. Bxf4 Bd4 (22... Rxg2 $19 23. Bg5+ Ke8) 23. Rc1 (23. Bg5+ $17 Ke8 24. Bf6 Bxc3+ 25. Bxc3 Rxg2 26. Bg7) 23... Rxg2 24. Ne4 $2 (24. Ne2 Bf2+ 25. Kd1) 24... Be5 $2 (24... Bf5 25. Bxd6+ Ke6 26. Bxg3 Bxe4) 25. Bxe5 dxe5 26. Rd1 Be6 27. Rd2 Rxd2 28. Kxd2 {[%mdl 4096] Endgame KRB-KRN} Rh8 29. Nxg3 Rh2+ 30. Ke3 Rxa2 31. Rh1 Bf7 ({Better is} 31... Rb2 $19 32. Rh5 Rxb3 33. Rxe5 b5 34. Nf5+ Kf6 {[%mdl 64] Double Attack} 35. Rxe6+ Kxf5 36. Rxc6 g3) 32. Rh7 (32. Rh6 $17) 32... Kf6 33. Ne4+ Kg6 34. Rh4 (34. Rh1 $17) 34... Be6 35. Nc5 $2 (35. Rh8) 35... g3 {( -> ...g2). Black is clearly winning.} 36. Rh1 (36. Nxe6 $142 g2 37. Rg4+ Kf5 {[%mdl 64] Double Attack} 38. Rg7 Kxe6 39. c5) 36... Bg4 {[%csl Gg4][%cal Ra2e2]} 37. d4 b6 38. Na4 Re2+ 39. Kd3 e4+ 40. Kc3 g2 41. Rg1 Bf3 42. d5 cxd5 43. cxd5 Rf2 44. d6 Kf7 {Accuracy: White = 45%, Black = 72%.} 0-1

[Event "72nd MNE-ch 2020"]
[Site "Podgorica"]
[Date "2020.09.11"]
[Round "1"]
[White "Petrovic, Slavko"]
[Black "Sukovic, Andrej"]
[Result "0-1"]
[WhiteElo "1909"]
[BlackElo "2261"]
[PlyCount "76"]
[EventDate "2020.09.11"]
[EventType "swiss"]
[EventRounds "9"]
[EventCountry "MNE"]
[TimeControl "5400+30"]

1. e4 c5 2. Nf3 d6 3. d4 cxd4 4. Nxd4 Nf6 5. Nc3 a6 6. a4 e5 7. Nf3 h6 8. Bc4 Qc7 9. Ba2 Be7 10. Be3 Be6 11. O-O O-O 12. Nd5 Nxd5 13. Bxd5 Nd7 14. c3 Bxd5 15. Qxd5 Nf6 16. Qd3 d5 17. Nd2 Rad8 18. exd5 Nxd5 19. Qc4 Qb8 20. Rfd1 Nxe3 21. fxe3 Qa7 22. Nf1 Qb6 23. a5 Qxb2 24. Rdb1 Qc2 25. Rxb7 Bg5 26. h4 Rc8 27. Qg4 Qxc3 28. Rd1 Bxe3+ 29. Nxe3 Qxe3+ 30. Kh1 Rc1 31. Rxc1 Qxc1+ 32. Kh2 Qc5 33. Qb4 Rc8 34. Qb3 Qc4 35. Qxc4 Rxc4 36. Rb6 Rxh4+ 37. Kg3 Ra4 38. Rxa6 f5 0-1

[Event "72nd MNE-ch 2020"]
[Site "Podgorica"]
[Date "2020.09.11"]
[Round "1"]
[White "Kalezic, Bojan"]
[Black "Nikac, Predrag"]
[Result "0-1"]
[WhiteElo "1855"]
[BlackElo "2312"]
[PlyCount "92"]
[EventDate "2020.09.11"]
[EventType "swiss"]
[EventRounds "9"]
[EventCountry "MNE"]
[TimeControl "5400+30"]

1. d4 g6 2. e4 Bg7 3. Nc3 c6 4. Nf3 d5 5. e5 Bg4 6. Be2 Bxf3 7. Bxf3 e6 8. O-O Nd7 9. Ne2 Ne7 10. c3 O-O 11. Re1 c5 12. g4 Nc6 13. Bg2 cxd4 14. cxd4 Rc8 15. a3 Nb6 16. b3 Qh4 17. Ng3 f5 18. gxf5 gxf5 19. f4 Bh6 20. Rf1 a5 21. Rf3 Kh8 22. Rb1 Rg8 23. Kh1 Rg4 24. Qd2 Rcg8 25. Qf2 Nd7 26. Ne2 Qh5 27. Ng3 Rxg3 28. Rxg3 Rxg3 29. Qxg3 Qd1+ 30. Bf1 Qxf1+ 31. Qg1 Qd3 32. Rb2 Nf8 33. Qe3 Qd1+ 34. Qg1 Qf3+ 35. Qg2 Qh5 36. Qf2 Ng6 37. b4 axb4 38. axb4 Qd1+ 39. Qg1 Qxg1+ 40. Kxg1 Nxf4 41. Rc2 Ne2+ 42. Rxe2 Bxc1 43. Kf2 Nxd4 44. Ra2 b5 45. Ra6 Bf4 46. h3 Kg7 0-1

[Event "72nd MNE-ch 2020"]
[Site "Podgorica"]
[Date "2020.09.11"]
[Round "1"]
[White "Cadjenovic, Dragan"]
[Black "Popadic, Dragan"]
[Result "0-1"]
[WhiteElo "1841"]
[BlackElo "2171"]
[PlyCount "90"]
[EventDate "2020.09.11"]
[EventType "swiss"]
[EventRounds "9"]
[EventCountry "MNE"]
[TimeControl "5400+30"]

1. d4 Nf6 2. c4 g6 3. Nc3 Bg7 4. e4 d6 5. Nf3 O-O 6. Bd3 Nbd7 7. O-O e5 8. dxe5 Nxe5 9. Nxe5 dxe5 10. Bg5 h6 11. Bh4 c6 12. Qe2 Qc7 13. h3 Nh5 14. b3 Qd6 15. Bc2 Bf6 16. Bxf6 Qxf6 17. Qe3 Kg7 18. Ne2 Be6 19. Rad1 Rfd8 20. Rxd8 Rxd8 21. Rd1 Rxd1+ 22. Bxd1 b6 23. Kh2 Qd8 24. Bc2 Qd6 25. Qc3 Kh7 26. g4 Ng7 27. b4 c5 28. a3 Ne8 29. Ba4 Nc7 30. Bc2 cxb4 31. axb4 Na6 32. b5 Nc5 33. f3 Nb7 34. Bd3 Qc5 35. Kg2 Nd6 36. f4 f6 37. Qa1 Nc8 38. Qc3 Bf7 39. Kf3 Kg7 40. fxe5 fxe5 41. Nf4 Ne7 42. Nd5 Nxd5 43. exd5 Bxd5+ 44. Be4 Bf7 45. Qc2 Qd4 0-1

[Event "72nd MNE-ch 2020"]
[Site "Podgorica"]
[Date "2020.09.11"]
[Round "1"]
[White "Lakusic, Zoran"]
[Black "Pobor, Milo"]
[Result "0-1"]
[WhiteElo "1711"]
[BlackElo "2143"]
[PlyCount "56"]
[EventDate "2020.09.11"]
[EventType "swiss"]
[EventRounds "9"]
[EventCountry "MNE"]
[TimeControl "5400+30"]

1. e4 c5 2. Nf3 e6 3. d4 cxd4 4. Nxd4 Nc6 5. Bb5 Qa5+ 6. Nc3 Bb4 7. Bxc6 Bxc3+ 8. bxc3 Qxc3+ 9. Bd2 Qxd4 10. c3 Qc4 11. Ba4 Qxe4+ 12. Kf1 Nf6 13. Bc2 Qh4 14. f3 O-O 15. Be1 Qc4+ 16. Bd3 Qc6 17. h4 d5 18. h5 e5 19. Rb1 h6 20. Bd2 e4 21. Bb5 Qc7 22. Rh4 Rd8 23. g4 Qg3 24. Be1 Qxf3+ 25. Qxf3 exf3 26. Rb4 Ne4 27. Bd3 a5 28. Rd4 Bd7 0-1